000 00276nam a22001217a 4500
008 170203b xxu||||| |||| 00| 0 alb d
041 _aALB
080 _22ND
_a61
100 _a3
101 _aSHM
245 _aTRAKTATI I SEMUNDJEVE TE BRENDSHME
_cADHAMI, J.E
942 _2udc
_cBK
999 _c4512
_d4512